000 00297nam a2200121Ia 4500
005 20250603145434.0
008 250603s9999 xx 000 0 und d
050 _aKP 42 .N5/
100 _aNigerian Weekly Law Report
245 0 _aNigerian weekly law report (NWLR)
260 _c1988
942 _cBK
999 _c41863
_d41863